00562nam a2200181Ia 450000500170000000800410001702000140005804000190007204100120009108200150010324500760011826000580019430000120025244000460026465000340031070000260034485000100037020221207164549.0131103s9999 xx 000 0 und d a816606773 aLoreto College aEnglish a810.9bWRI aSeven American stylistsbFrom Poe to Mailer cedited by George T.Wright aLondonbOxford University Pressc1961 (1973 printing) a318 p.  aThe Minnesota Library on American Writers aAmerican Literature - History aWright,George T.4ed. aLCLIB